SAT 2006 Ed. (Record no. 311988)

MARC details
000 -LEADER
fixed length control field 00347nam a2200145Ia 4500
008 - FIXED-LENGTH DATA ELEMENTS--GENERAL INFORMATION
fixed length control field 230718s9999 xx 000 0 und d
041 ## - LANGUAGE CODE
Language code of text/sound track or separate title eng
082 ## - DEWEY DECIMAL CLASSIFICATION NUMBER
Classification number 372.65
Item number KAP
100 ## - MAIN ENTRY--PERSONAL NAME
Personal name Kaplan
245 ## - TITLE STATEMENT
Title SAT 2006 Ed.
260 ## - PUBLICATION, DISTRIBUTION, ETC. (IMPRINT)
Date of publication, distribution, etc. 2006
Name of publisher, distributor, etc. Simon And Schuslez
365 ## - TRADE PRICE
Currency code Rs.
Price amount 917.70
700 ## - ADDED ENTRY--PERSONAL NAME
Personal name Kaplan
906 ## - LOCAL DATA ELEMENT F, LDF (RLIN)
d 1063/06.01.2006
c OTH
b 183.54
Holdings
Withdrawn status Lost status Damaged status Not for loan Home library Current library Date acquired Vendor Budget Code Cost, normal purchase price Bill number Total Checkouts Full call number Barcode Date last seen Discount Cost, replacement price Bill Date Koha item type Original Barcode
        Cummins College of Engineering for Women Pune Cummins College of Engineering for Women Pune 09/01/2006 Goels Computer Hut OTH 734.16 1063/06.01.2006   372.65 CCEP-BK-23195 18/07/2023 183.54 917.70 06/01/2006 Books 023195